Pengukuran hutan

Bibliographic Details
Main Author: Husch, Bertram, 1923-
Other Authors: Miler, Charles I.
Format: Book
Published: Serdang : Penerbit Universiti Pertanian Malaysia , 1995.
Subjects:

MARC

LEADER 00000cam a2200000 7i4500
001 0000003191
005 20050310.0
020 0 0 |a 9679600521 
090 0 0 |a 634.9285   |b HUS 
100 0 0 |a Husch, Bertram, 1923- 
245 0 0 |a Pengukuran hutan   |c Bertram Husch, Charles I. Miller, Thomas W. Beers ; penterjemah Sulong Ibrahim. 
260 0 0 |a Serdang :   |b Penerbit Universiti Pertanian Malaysia ,   |c 1995. 
300 |a 450 :   |b il. ;   |c 23 cm. 
650 0 0 |a Forest surveys 
650 0 0 |a Forests and forestry 
700 1 1 |a Miler, Charles I. 
700 1 1
700 1 1
999 |a 0000006129   |b Monograph   |c Open Shelf   |e Default branch